000 00960nam a2200241Ia 4500
003 OSt
005 20220923211744.0
006 a|||||r|||| 00| 0
007 ta
008 220922b |||||||| |||| 00| 0 hin d
024 _a52,389
037 _cTextual
040 _aARTS
_cARTS
_bhin
041 _2hin
_ahin
082 _aP15,Cx1,1,2,1, 152K2.2;1 (TTPS)
100 _aमीमांसक, युधिष्ठिर, व्याख्या
_9161436
245 0 _aमहाभाष्यम्
_b पतजलिमुनि विरचित
246 _ahinābhāṣhyam: patajalimuni virachita
260 _aदिल्ली
_b प्यारेलाल द्राक्षदेवी न्यास
_c1962
300 _a556पृ.
_ccm.
942 _hP15,Cx1,1,2,1, 152K2.2;1 (TTPS)
_cTEXL
_2CC
999 _c303216
_d303216